Online Catalogue and eLibrary

Divi nasa ganeeme charyawa saha upadesana prathicara (Record no. 736)

MARC details
000 -LEADER
fixed length control field 00449nam a2200157Ia 4500
005 - DATE AND TIME OF LATEST TRANSACTION
control field 20250509025845.0
008 - FIXED-LENGTH DATA ELEMENTS--GENERAL INFORMATION
fixed length control field 240331s9999 xx 000 0 und d
020 ## - INTERNATIONAL STANDARD BOOK NUMBER
ISBN 9556520312
082 ## - DDC Classification
Class No. 150
Item Number - Author Mark FER
100 ## - MAIN ENTRY--PERSONAL NAME
Personal name Fernando,N
245 #0 - TITLE STATEMENT
Title Divi nasa ganeeme charyawa saha upadesana prathicara
260 ## - PUBLICATION, DISTRIBUTION, ETC.
Place of publication, distribution, etc. Mulleriyawa
Name of publisher, distributor, etc. Wijasooriya Grantha Kendaraiya
Date of publication, distribution, etc. 2003
300 ## - PHYSICAL DESCRIPTION
Extent (e.g. Volumes, Pages etc.) 155 p .,
500 ## - GENERAL NOTE
General note A Book about Suicide And Prevenient method
942 ## - Koha item type (Biblio)
Koha item type Books in Stacks (Lending)
Holdings
Lost status Damaged status Collection code Home library Current library Shelving location Date acquired Full call number Accession Number Item type
    Lending WERC Library WERC Library Social Science Cupboard 03/31/2024 150 FER 4916 Books in Stacks (Lending)

© WERC Library